00769nam a22002297a 450000500170000001000130001702000220003003500130005203700160006504000120008108200180009310000170011124501740012826000420030227000290034430000300037350000540040365000220045765000270047970000120050670000210051820170124110145.0 aA-799659 c70.00a8185842434 aA-799659 bCen Lib/Ret aDPLbEN a628.1685bSHA aSharma, B. K aThermal & Radio active pollution :cby B. K. Sharma [and] H. Kaur ;edited by Manjula Sharma bfor degree honours post graduate and B.E.students of various universities / aMeerutbKrishna Prakshan Mandirc1994 a11, Shivaji RoadbMeerut ax,205p. :c21cm(Hb)bill. aIncludes bibliographical references and index  aThermal pollution aRadio active pollution aKaur, H aSharma, Manjula